000 01911nam0a2200349 4500
001 RU\NLR\bibl\1090764
005 20260407025620.0
021 _aRU
_b2007-24804
_91310
035 _a(NLR Aleph) 001077899
090 _a1039870
_c1039870
100 _a20070524d2006 |||y0rusy50 ca
101 0 _arus
102 _aRU
105 _aa |||||||||
200 1 _aБиоритмы человека и животных
_eбиблиографический указатель
_fМ-во здравоохранения Рос. Федерации, ГОУ ВПО "Сев.-Зап. гос. мед. акад." Федер. агентства по здравоохранению и социал. развитию
_g[сост. С.Д. Беляев, д.м.н., проф. и др.
_gнауч. ред. Л.Г. Хетагурова, д.м.н., проф., засл. деят. науки РСО-А]
210 _aВладикавказ
_cПроцесс-Пресс
_d2006
215 _a202 с.
_cпортр.
_d21
320 _aАвт. указ.: с. 165-201
606 1 _aФизиологические процессы
_jБиблиография
_xРитм
_91144693
_3RU\NLR\auth\66137681
606 1 _aБиоритмы
_jБиблиография
_92267521
_3RU\NLR\AUTH\6601588571
686 _aЕ903,11я1
686 _aР252.2я1
702 1 _4220
_8rus
_7ca
_aБеляев
_bС. Д.
_cд-р мед. наук
_gСергей Дмитриевич
_3RU\NLR\auth\7757428
_940360
702 1 _4340
_8rus
_7ca
_aХетагурова
_bЛ. Г.
_gЛариса Георгиевна
_3RU\NLR\auth\7757246
_940178
712 0 2 _4570
_aСеверо-Осетинская государственная медицинская академия
_cВладикавказ
_3RU\NLR\AUTH\8810011419
_9520544
801 0 _aRU
_bNLR
_c20070524
_gRCR
801 1 _aRU
_bNLR
_c20070524
942 _cBOOK
980 _aNB
980 _aNBR